| 000 | 00379pab a2200157 454500 | ||
|---|---|---|---|
| 008 | 180718b1997 xxu||||| |||| 00| 0 eng d | ||
| 100 | _aBailey, Nick | ||
| 245 | _aHousing renewal, urban policy and gentrification | ||
| 260 | _c1997 | ||
| 300 | _ap.561-78 | ||
| 362 | _aApr | ||
| 650 | _aHousing | ||
| 700 | _aRobertston, Douglas | ||
| 773 | _aUrban Studies | ||
| 909 | _a34041 | ||
| 999 |
_c34041 _d34041 |
||